000
00317nam a2200109Ia 4500
008
200302s9999 xx 000 0 und d
100
_a
Janet Turner
245
_a
Designing With Light Retail Spaces Lighting Solutions for shops Malls & Markets
260
_b
Roto Vision Sa Published
260
_c
1998
300
_a
160 P.,
999
_c
1753
_d
1753